=LDR 00000nam 2200000 4500 =001 INLIS000000000042241 =005 20131008015027 =008 ***********************************Ind** =035 ##$$0010-101300000000163 =041 ##$$a Ind =090 ##$$a 0005.8, Rac p.1 =100 ##$$a Rachman, A.S =245 ##$$a Siatem Keamanan Informasi, A.S. Rachman =260 ##$$a 2004 $b Yogyakarta =300 ##$$a 147 hlm, Ilus, 21 cm =850 ##$$a NBPNMAT